| 000 | 00839nam a2200253 a 4500 | ||
|---|---|---|---|
| 001 | BRL_1448 | ||
| 005 | 20190320211218.0 | ||
| 008 | 150114s1965----mx-a######---#001-0#spa-# | ||
| 041 | _aspa | ||
| 044 | _amx | ||
| 050 | 4 |
_aF1221.T9 _b.G85 1965 |
|
| 100 | 1 |
_aGuiteras Holmes, C. _926953 |
|
| 245 | 1 | 0 |
_aLos peligros del alma _bvisión del mundo de un Tzotzil _cC. Guiteras Holmes ; con un epílogo por Sol Tax ; traducción de Carlo Antonio Castro. |
| 260 |
_aMéxico _bFondo de Cultura Económica _c1965 |
||
| 300 |
_a310 p. _bil. _c23 cm. |
||
| 500 | _aAu2009 | ||
| 500 | _aTraducción de: The world view of a tzotzil indian. | ||
| 650 | 1 | 4 |
_aTzotziles _910531 |
| 650 | 1 | 4 |
_aTzotziles _xVida social y costumbres _923102 |
| 700 | 1 |
_aTax, Sol _926954 |
|
| 700 | 1 |
_aAntonio Castro, Carlo _etr. _926955 |
|
| 902 | _aGRL | ||
| 942 |
_2lcc _cB |
||
| 999 |
_c10258 _d10258 |
||